| 000 | 00670nam a22001937a 4500 | ||
|---|---|---|---|
| 999 |
_c20608 _d20608 |
||
| 003 | AR-CdUCM | ||
| 008 | 190531b ||||| |||| 00| 0 spa d | ||
| 040 |
_aMUNICIPALIDAD PROVINCIAL DEL CUSCO _cBIBLIOTECA MUNICIPAL DEL CUSCO |
||
| 082 |
_24ed _a329 / _bR77 |
||
| 100 |
_aRojas Samanez, Alvaro _943072 |
||
| 245 |
_aPartidos políticos en el Perú : _bmanual y registro : |
||
| 260 |
_aLima : _bEdit. F&A, _c1985. |
||
| 300 |
_a365 páginas ; _c21 cm. |
||
| 505 | _aContenido: El siglo pasado -- El universo del elector -- Partido aprista peruano... | ||
| 650 |
_aPartidos políticos _91565 |
||
| 650 |
_aPerú _935 |
||
| 942 |
_2ddc _cLIBROS |
||
| 945 |
_adavv _d2019-05-31 |
||